000 00303nam a2200121Ia 4500
008 191201s2003 xx 000 0 und d
100 _aOX FORD
245 0 _aIllustrated Oxford Dictionary
260 _aN.Delhi
_bDorling Kindersley L
_c2003
300 _a1008
650 _aGeneral Books
942 _2ddc
_cBK
999 _c2467
_d2467